| 000 | 00601nam a2200229Ia 4500 | ||
|---|---|---|---|
| 008 | 180523s9999 xx 000 0 und d | ||
| 020 | _a81-85386-18-8 | ||
| 050 | _aMAIN HD 31 | ||
| 050 | _b.I93 2005 | ||
| 100 | _aIvancevich, John M. | ||
| 245 | 0 | _aManagement : | |
| 245 | 0 | _bprinciples and functions / | |
| 245 | 0 | _cJohn M. Ivancevich, James H. Donnelly, Jr, James L. Gibson. | |
| 250 | _a4th Edition | ||
| 260 | _aMumbai : | ||
| 260 | _bA.I.T.B.S. Publishers, | ||
| 260 | _c2005 | ||
| 300 | _a765 pages : | ||
| 300 | _c24 cm. | ||
| 500 | _aIncludes index. | ||
| 650 | _aManagement. | ||
| 999 |
_c356854 _d356854 |
||